| 000 | 00847nam a2200241Ia 4500 | ||
|---|---|---|---|
| 001 | 21605 | ||
| 005 | 20260416142508.0 | ||
| 008 | 260320s9999||||xx |||||||||||||| ||und|| | ||
| 020 | _a9684519982 | ||
| 041 | _aESP | ||
| 082 |
_a658.8 _bR56 |
||
| 100 |
_aRies, Al, _eAUT |
||
| 245 | 0 | _aLa guerra de la mercadotecnia | |
| 260 |
_aMéxico : _bMcGraw-Hill, _c1990 |
||
| 300 |
_axii, 213 páginas : _c21 cm. |
||
| 650 | _aTCA | ||
| 653 | _aEstrategia de marketing; Análisis de mercadeo | ||
| 654 | _aCAN | ||
| 700 |
_aTrout, Jack, _cAUT |
||
| 856 |
_uhttps://0u20ywqwm-y-https-www-bibliotechnia-com-mx.itmsp.museknowledge.com/ _zVéase además: Base de datos BiblioTechnia |
||
| 856 |
_uhttps://0u20fwqwn-y-https-research-ebsco-com.itmsp.museknowledge.com/c/qxo6us/search _zVéase además: Base de datos EBSCOhost |
||
| 942 |
_cLIB _dJUS _fMAT _2ddc |
||
| 999 |
_c21605 _d21605 |
||